00435nam a2200181 a 4500001001300000003000900013005001700022008004100039020000800080082001600088100002000104245002400124260003100148300000900179500003500188505001000223700002000233nice12345678IN_TiNIC20260116012519.0050524s0000 biha grp 000 0 urd  ac300a297.82bAZH aAzhar, Syed Ali aFalsafa-E-Shahadat. aBiharbManager Islahc0000 a160p aincludes index and biblioraphy2 aIndex1 aAzhar, Syed Ali